Mestá nezľavujú zo svojich ambícií

Správa o činnosti prednesená prezidentom Únie miest Slovenska Ferdinandom Vítekom. Predsavzatia a výsledky. Doťahovanie fiškálnej decentralizácie. Odstraňovanie regionálnych rozdielov. Kvalifikovaná spolupráca s perspektívnymi partnermi. Efektívne pôsobenie na medzinárodnom poli. Komunikácia prostre...

Descrizione completa

Salvato in:
Dettagli Bibliografici
Autore principale: Vítek, Ferdinand
Natura: Capitolo di libro
Lingua:slovacco
Soggetti:
Tags: Aggiungi Tag
Nessun Tag, puoi essere il primo ad aggiungerne!!

MARC

LEADER 00000naa$a2200000$$$4500
001 0042021
005 20231016084951.2
041 0 |a slo 
044 |a SK 
245 1 0 |a Mestá nezľavujú zo svojich ambícií  |c Ferdinand Vítek 
520 |a Správa o činnosti prednesená prezidentom Únie miest Slovenska Ferdinandom Vítekom. Predsavzatia a výsledky. Doťahovanie fiškálnej decentralizácie. Odstraňovanie regionálnych rozdielov. Kvalifikovaná spolupráca s perspektívnymi partnermi. Efektívne pôsobenie na medzinárodnom poli. Komunikácia prostredníctvom modernej techniky. 
610 2 0 |a mestá 
610 2 0 |a decentralizácia 
610 2 0 |a politika fiškálna 
610 2 0 |a regióny 
610 2 0 |a vzdelávanie 
610 2 0 |a komunikácia 
610 2 0 |a technika nová 
610 2 0 |a spolupráca medzinárodná 
100 1 |a Vítek, Ferdinand